[Event "Naantali Avoin op"]
[Site "Naantali"]
[Date "2018.07.03"]
[Round "2"]
[White "Norlamo, Sarabella"]
[Black "Eerola, Antti"]
[Result "1/2-1/2"]
[WhiteElo "1839"]
[BlackElo "1591"]
[PlyCount "105"]
[EventDate "2018.07.02"]
[EventType "swiss"]
[EventRounds "9"]
[EventCountry "FIN"]
[SourceTitle "EXT 2019"]
[Source "ChessBase"]
[SourceDate "2018.10.10"]
[SourceVersion "1"]
[SourceVersionDate "2018.10.10"]
[SourceQuality "1"]

1. Nf3 d5 2. d4 Nf6 3. e3 e6 4. Bd3 Be7 5. 0-0 0-0 6. Nbd2 b6 7. e4 dxe4 8. Nxe4 Bb7 9. Nxf6+ Bxf6 10. c3 Nd7 11. Qe2 Bxf3 12. Qxf3 g6 13. Be4 Rc8 14. Bc6 Bg7 15. Bf4 Nf6 16. Bg5 h6 17. Bh4 g5 18. Bg3 Nd5 19. Rfe1 Ne7 20. Be5 Nxc6 21. Qxc6 Qd5 22. Qa4 Qb7 23. Rad1 Rfd8 24. Qb5 Rd5 25. Qe2 Bxe5 26. dxe5 Rcd8 27. h4 Rxd1 28. Rxd1 Rxd1+ 29. Qxd1 Qd5 30. Qh5 Qxe5 31. Qxh6 gxh4 32. Qxh4 Qe1+ 33. Kh2 Qe5+ 34. Qg3+ Qxg3+ 35. Kxg3 Kg7 36. Kf4 Kf6 37. Ke4 c6 38. a4 Ke7 39. b4 Kd6 40. g4 a6 41. f4 Ke7 42. Ke5 f6+ 43. Kd4 Kf7 44. c4 Ke7 45. Ke4 Kd6 46. g5 f5+ 47. Ke3 c5 48. b5 a5 49. Kf2 Ke7 50. Kg2 Kf7 51. Kg3 Kg7 52. Kh4 Kg6 53. Kg3 1/2-1/2